Instructor's resource guide: human physiology: an integrated approach. (2nd ed.) (Record no. 64196)

MARC details
000 -LEADER
fixed length control field 01118nam a2200193 a 4500
008 - FIXED-LENGTH DATA ELEMENTS--GENERAL INFORMATION
fixed length control field 150817s2001 ||||||||||||||||| || u
020 ## - INTERNATIONAL STANDARD BOOK NUMBER
International Standard Book Number 9780130190260
050 ## - LIBRARY OF CONGRESS CALL NUMBER
Classification number QP 34.5 Sil
100 ## - MAIN ENTRY--PERSONAL NAME
Personal name Silverthorn, Dee Uuglaub
245 10 - TITLE STATEMENT
Title Instructor's resource guide: human physiology: an integrated approach. (2nd ed.)
Statement of responsibility, etc. by Dee Unglaub Silverthorn and Richard Damian Hill
250 ## - EDITION STATEMENT
Edition statement 2nd ed.
260 ## - PUBLICATION, DISTRIBUTION, ETC.
Place of publication, distribution, etc. United States of America
Name of publisher, distributor, etc. Prentice Hall
Date of publication, distribution, etc. 2001
300 ## - PHYSICAL DESCRIPTION
Extent pagenated
650 #0 - SUBJECT ADDED ENTRY--TOPICAL TERM
Topical term or geographic name entry element HUMAN PHYSIOLOGY
650 ## - SUBJECT ADDED ENTRY--TOPICAL TERM
Topical term or geographic name entry element HUMAN PHYSIOLOGY--INSTRUCTOR'S GUIDE
995 ## -
-- MICHAEL CHILUFYA SATA OPEN ACCESS
-- 903049
-- CBU-SCHOOL OF MEDICINE LIBRARY (Ndola)
-- 0.00
-- QP 34.5 Sil
-- 1
-- AVAILABLE
-- Sep 7, 2015
-- 903049
-- Medical Library Open Access Collection
995 ## -
-- MEDICAL LIBRARY OPEN ACCESS
-- 903050
-- CBU-SCHOOL OF MEDICINE LIBRARY (Ndola)
-- 0.00
-- QP 34.5 Sil
-- 2
-- AVAILABLE
-- Sep 7, 2015
-- 903050
-- Medical Library Open Access Collection
995 ## -
-- MEDICAL LIBRARY OPEN ACCESS
-- 903051
-- CBU-SCHOOL OF MEDICINE LIBRARY (Ndola)
-- 0.00
-- QP 34.5 Sil
-- 3
-- AVAILABLE
-- Sep 7, 2015
-- 903051
-- Medical Library Open Access Collection
999 ## -
-- 64196
-- 64196

No items available.